| 000 | 01027nam a2200277 i 4500 | ||
|---|---|---|---|
| 001 | 186629 | ||
| 003 | SpMaBN | ||
| 005 | 20231227062637.0 | ||
| 008 | 161209s1982 sp ac |||| | spa d | ||
| 020 | _a84-239-2101-8 | ||
| 080 | _a159.922.4(460) | ||
| 080 | _a946.0 | ||
| 100 | 1 |
_aMenéndez Pidal, Ramón, _d1869-1968 _980315 |
|
| 245 | 1 | 4 |
_aLos españoles en la historia / _cRamón Menéndez Pidal _b. Ensayo introductorio, España en su historiografía: de objeto a sujeto de la historia, por Diego Catalán. |
| 260 |
_aMadrid : _bEspasa-Calpe, _c1982. |
||
| 300 |
_a241 p. : _b1 retr., il. ; _c18 cm. |
||
| 490 | 1 |
_aSelecciones austral ; _v101 |
|
| 650 | 0 | 7 |
_aEspañoles- _xPsicología. _912477 |
| 651 | 7 |
_aEspaña- _vHistoriografía. _98377 |
|
| 651 | 4 |
_aEspaña- _xHistoria. _98209 |
|
| 700 | 1 |
_aCatalán, Diego. _937019 |
|
| 740 | 0 | 2 | _aEspaña en su historiografía: de objeto a sujeto de la historia. |
| 830 | 0 |
_aSelecciones austral ; _v101 _9176520 |
|
| 852 |
_aES-MaACL _jL-31018 |
||
| 999 |
_c186629 _d186629 |
||